[Event "FIDE World Bl Team Pool D"]
[Site "London ENG"]
[Date "2025.06.14"]
[Round "8.4"]
[White "Suleymenov, Alisher"]
[Black "Ansat, Aldiyar"]
[Result "0-1"]
[WhiteTitle "GM"]
[BlackTitle "IM"]
[WhiteElo "2515"]
[BlackElo "2489"]
[WhiteTeam "Barys.kz"]
[BlackTeam "KazChess"]
[WhiteFideId "13707833"]
[BlackFideId "13715658"]
[EventDate "2025.06.14"]
[EventType "team"]

1. d4 Nf6 2. c4 e6 3. Nf3 d5 4. g3 Nc6 5. Bg2 Bd6 6. O-O O-O 7. Nbd2 a5 8. b3
Ne4 9. Nxe4 dxe4 10. Nd2 f5 11. e3 e5 12. d5 Nb4 13. Bb2 b6 14. f3 exf3 15. Nxf3
Qe7 16. Qe2 Bd7 17. Kh1 Na6 18. Ne1 e4 19. Nc2 Nc5 20. Nd4 a4 21. Bc3 axb3 22.
axb3 Qg5 23. b4 Nd3 24. b5 Rxa1 25. Rxa1 h5 26. Be1 Qh6 27. Bf2 Be5 28. Rf1 Ra8
29. Bg1 g6 30. Bf2 Nxf2+ 31. Qxf2 Ra3 32. Nc2 Ra2 33. Qd2 h4 34. gxh4 Qxh4 35.
h3 Qg3 36. Bxe4 fxe4 0-1

[Event "FIDE World Bl Team Pool D"]
[Site "London ENG"]
[Date "2025.06.14"]
[Round "8.5"]
[White "Kamalidenova, Meruert"]
[Black "Balabayeva, Xeniya"]
[Result "0-1"]
[WhiteTitle "IM"]
[BlackTitle "WGM"]
[WhiteElo "2330"]
[BlackElo "2352"]
[WhiteTeam "KazChess"]
[BlackTeam "Barys.kz"]
[WhiteFideId "13712802"]
[BlackFideId "13719688"]
[EventDate "2025.06.14"]
[EventType "team"]

1. e4 c6 2. Nf3 d5 3. exd5 cxd5 4. d4 a6 5. c4 Nf6 6. Nc3 Nc6 7. cxd5 Nxd5 8.
Bc4 e6 9. O-O Be7 10. Re1 O-O 11. h3 Nf6 12. Bb3 Na5 13. Bc2 b5 14. Qd3 Bb7 15.
Bg5 g6 16. Rad1 Nc4 17. Bc1 Rc8 18. Qe2 Nd5 19. Ne4 Qc7 20. Bb1 Rfd8 21. b3 Nd6
22. Bd2 Nxe4 23. Bxe4 Bf6 24. Bb1 Nc3 25. Bxc3 Qxc3 26. Be4 Bxe4 27. Qxe4 Qa5
28. Re2 Rd5 29. Qf4 Kg7 30. Nh2 h5 31. Nf3 Rcd8 32. Red2 Qc3 33. Qe3 Qc6 34. Kh2
Qd6+ 35. g3 g5 36. Kg2 g4 37. hxg4 hxg4 38. Nh2 Rxd4 39. Rxd4 Bxd4 40. Qg5+ Kf8
41. Qh6+ Ke7 42. Nxg4 Qc6+ 43. f3 Qc2+ 44. Rd2 Qc3 45. Qg5+ Ke8 46. Re2 Rd5 47.
Qg8+ Ke7 48. Qh7 Rc5 49. Qh4+ Ke8 50. Qh7 Rd5 51. Qg8+ Ke7 52. Nh6 Qd3 53. Qxf7+
Kd8 54. Qg8+ Kc7 55. Kf1 Qxf3+ 56. Ke1 Bc3+ 0-1

[Event "FIDE World Bl Team Pool D"]
[Site "London ENG"]
[Date "2025.06.14"]
[Round "8.6"]
[White "Nurakyn, Suleiman"]
[Black "Aiten, Islam"]
[Result "0-1"]
[WhiteElo "1773"]
[BlackElo "1950"]
[WhiteTeam "Barys.kz"]
[BlackTeam "KazChess"]
[WhiteFideId "447003073"]
[BlackFideId "13749420"]
[EventDate "2025.06.14"]
[EventType "team"]

1. d4 Nf6 2. c4 c5 3. d5 b5 4. cxb5 a6 5. e3 axb5 6. Bxb5 Qa5+ 7. Nc3 Bb7 8. Bc4
e6 9. Bd2 Qb6 10. e4 Be7 11. Nge2 Nxe4 12. Nxe4 exd5 13. Bxd5 Bxd5 14. N2c3 Bc4
15. b3 Ba6 16. Nd5 Qb7 17. Bf4 Nc6 18. Nxe7 Kxe7 19. Bd6+ Ke8 20. Bxc5 Kd8 21.
Nd6 Qc7 22. Nxf7+ Kc8 23. Nxh8 Qe5+ 24. Be3 Qc3+ 25. Bd2 Qe5+ 26. Be3 Qc3+ 27.
Qd2 Qxa1+ 28. Qc1 Qe5 29. Nf7 Qa5+ 30. Bd2 Qd5 31. Ng5 Qxg2 32. Qc5 Qxh1# 0-1

[Event "FIDE World Bl Team Pool D"]
[Site "London ENG"]
[Date "2025.06.14"]
[Round "8.1"]
[White "Cancedda-Dupuis, Livio"]
[Black "Kohlmann, Robert"]
[Result "1-0"]
[WhiteElo "2053"]
[BlackElo "2026"]
[WhiteTeam "The London Legends"]
[BlackTeam "REY AHOGADO"]
[WhiteFideId "499447"]
[BlackFideId "14900467"]
[EventDate "2025.06.14"]
[EventType "team"]

1. e4 d6 2. d4 Nf6 3. Nc3 g6 4. Be3 c6 5. f3 Nbd7 6. Qd2 b5 7. a3 a6 8. Nge2 c5
9. dxc5 Nxc5 10. e5 Nfd7 11. exd6 exd6 12. Bd4 Ne5 13. Qe3 Be6 14. O-O-O Ncd7
15. Nf4 Bh6 16. Ne4 O-O 17. Nxd6 Qf6 18. g3 Rfd8 19. Kb1 Qe7 20. Ne4 Nc4 21.
Bxc4 bxc4 22. Qc3 Bf5 23. Nd5 Qd6 1-0

[Event "FIDE World Bl Team Pool D"]
[Site "London ENG"]
[Date "2025.06.14"]
[Round "8.2"]
[White "Medal Paves, Jose Maria"]
[Black "Bryant, Harry"]
[Result "0-1"]
[WhiteElo "1968"]
[BlackElo "2062"]
[WhiteTeam "REY AHOGADO"]
[BlackTeam "The London Legends"]
[WhiteFideId "24501492"]
[BlackFideId "489158"]
[EventDate "2025.06.14"]
[EventType "team"]

1. e4 a6 2. d4 e6 3. Bd3 c5 4. c3 d5 5. exd5 Qxd5 6. Nf3 Nf6 7. O-O Be7 8. Re1
O-O 9. Nbd2 Nc6 10. Ne5 cxd4 11. Bc4 Qd6 12. Nxc6 bxc6 13. cxd4 Qxd4 14. Qe2 c5
15. Nf3 Qd8 16. Ne5 Bb7 17. Bg5 Nd5 18. Bxe7 Qxe7 19. Rad1 Nf4 20. Qg4 Nxg2 21.
Rd7 Qf6 22. Red1 Rad8 23. Rxb7 Rxd1+ 24. Qxd1 Qxe5 25. Kxg2 Qe4+ 26. Qf3 Qxc4
27. b3 Qc2 28. a4 c4 29. b4 Qxa4 30. Qc3 Qc6+ 31. Qf3 Qxf3+ 32. Kxf3 Rd8 33. Rc7
Kf8 34. Rxc4 Ke7 35. Rc6 Rb8 36. Rxa6 Rxb4 37. Ra7+ Kf6 38. Ra5 h6 39. Rc5 g5
40. Ra5 Kg6 41. Rc5 Rh4 42. Kg3 Rd4 43. Kf3 Kf6 44. Rb5 Ra4 45. Rc5 Ra3+ 46. Kg2
h5 47. Rb5 Kg6 48. Rc5 Rb3 49. Ra5 f5 50. Rc5 Kf6 51. Ra5 f4 52. Rc5 e5 53. Rc6+
Kf5 54. Rc4 Kg4 55. Rc1 h4 56. Re1 h3+ 57. Kg1 Kf5 58. Rc1 g4 59. Ra1 Rb4 60.
Kf1 Rb5 61. Ke2 e4 62. Ra6 Rb2+ 63. Kf1 e3 64. fxe3 Rxh2 65. exf4 Kxf4 66. Ra4+
Kg3 67. Ra3+ Kh4 68. Kg1 Rb2 69. Ra4 Kg3 70. Ra3+ Kh4 71. Ra4 h2+ 72. Kh1 Kh3
73. Ra3+ Kh4 74. Rh3+ Kg5 75. Rg3 Rb1+ 76. Kxh2 Kf4 77. Ra3 Rb2+ 78. Kg1 Rc2 79.
Rb3 Kg5 80. Rb8 Kh4 81. Rb3 Ra2 82. Rc3 Re2 83. Rd3 Kg5 84. Rb3 Kf4 85. Ra3 Rd2
86. Rb3 Rd8 87. Ra3 Re8 88. Rb3 Re4 89. Ra3 Rd4 90. Rb3 Rc4 91. Ra3 Rb4 92. Rc3
Rb2 93. Ra3 Kg5 94. Ra8 Kh4 95. Ra3 Re2 96. Rd3 Re7 97. Rb3 Rf7 98. Rd3 g3 99.
Rd6 Kg4 100. Rd4+ Kf3 101. Rd3+ Kg4 102. Rd4+ Kh3 103. Rd6 0-1

[Event "FIDE World Bl Team Pool D"]
[Site "London ENG"]
[Date "2025.06.14"]
[Round "8.4"]
[White "Cujba, Anca-Claudia"]
[Black "Vashisht-Pigem, Raman"]
[Result "0-1"]
[WhiteElo "1741"]
[BlackElo "1965"]
[WhiteTeam "REY AHOGADO"]
[BlackTeam "The London Legends"]
[WhiteFideId "1215612"]
[BlackFideId "469734"]
[EventDate "2025.06.14"]
[EventType "team"]

1. e4 e5 2. Nf3 Nc6 3. Nc3 Nf6 4. d4 exd4 5. Nd5 d6 6. Bc4 Be7 7. Qd3 O-O 8.
Nxd4 Ne5 9. Qe2 Nxc4 10. Qxc4 c6 11. Nxe7+ Qxe7 12. f3 d5 13. Qd3 dxe4 14. fxe4
Nxe4 15. O-O Re8 16. Bf4 Nc5 17. Qg3 Ne4 18. Qd3 0-1

[Event "FIDE World Bl Team Pool D"]
[Site "London ENG"]
[Date "2025.06.14"]
[Round "8.5"]
[White "Mokhber-Garcia, Sebastian"]
[Black "Heimbaecher, Peter"]
[Result "1-0"]
[WhiteElo "1853"]
[BlackElo "1804"]
[WhiteTeam "The London Legends"]
[BlackTeam "REY AHOGADO"]
[WhiteFideId "499269"]
[BlackFideId "24617431"]
[EventDate "2025.06.14"]
[EventType "team"]

1. d4 Nf6 2. c4 e5 3. dxe5 Ne4 4. Nd2 Bb4 5. a3 Nxd2 6. Bxd2 Bxd2+ 7. Qxd2 Nc6
8. Nf3 O-O 9. g3 b6 10. Bg2 Bb7 11. O-O Kh8 12. Rad1 Qe7 13. Qxd7 Qc5 14. Qxc7
Rab8 15. Ng5 Qxe5 16. Nxf7+ Rxf7 17. Qxf7 h6 18. Rd7 Nd8 19. Qf8+ Kh7 20. Rxd8
Bxg2 21. Kxg2 Qe4+ 22. Kg1 1-0

[Event "FIDE World Bl Team Pool D"]
[Site "London ENG"]
[Date "2025.06.14"]
[Round "8.1"]
[White "Fernandez, Daniel Howard"]
[Black "Orozbaev, Eldiyar"]
[Result "0-1"]
[WhiteTitle "GM"]
[BlackTitle "IM"]
[WhiteElo "2484"]
[BlackElo "2367"]
[WhiteTeam "English Knightmares"]
[BlackTeam "Noval Group Kyrgyzstan"]
[WhiteFideId "5801605"]
[BlackFideId "13802240"]
[EventDate "2025.06.14"]
[EventType "team"]

1. c4 c6 2. Nf3 Nf6 3. g3 d5 4. b3 e6 5. Bb2 a5 6. Bg2 a4 7. O-O a3 8. Bxf6 Qxf6
9. d4 Bb4 10. Qc2 Nd7 11. Nbd2 O-O 12. Rad1 b5 13. c5 e5 14. e3 e4 15. Ne1 Qe7
16. Qc1 f5 17. Nc2 Bxd2 18. Rxd2 h5 19. h4 g5 20. hxg5 Qxg5 21. Nb4 Rf6 22. f4
Qg7 23. Bh3 Bb7 24. Rg2 Kf7 25. Kf2 Rg8 26. Qxa3 Rg6 27. Rfg1 h4 28. Qa7 Bc8 29.
Nxc6 Rxg3 30. Ne5+ Ke8 31. Qa8 Kd8 32. Qxd5 Ke8 33. Qe6+ Kd8 34. Nc6+ Kc7 35.
Qd6+ Kb7 36. Ne5 Nxe5 37. dxe5 Qh7 38. Qb6+ Ka8 39. Qa5+ Kb8 40. Qxb5+ Ka8 41.
Qa5+ Kb8 42. Qb4+ Ka8 43. Qa5+ Kb8 44. Qb6+ Ka8 45. Qc6+ Bb7 46. Qa4+ Kb8 47. c6
Qh5 48. Rxg3 hxg3+ 49. Ke1 Rd8 50. Qb4 Qd1# 0-1

[Event "FIDE World Bl Team Pool D"]
[Site "London ENG"]
[Date "2025.06.14"]
[Round "8.3"]
[White "Banerjee, Supratit"]
[Black "Zhakshylykov, Erzhan"]
[Result "0-1"]
[WhiteTitle "FM"]
[BlackTitle "IM"]
[WhiteElo "2311"]
[BlackElo "2362"]
[WhiteTeam "English Knightmares"]
[BlackTeam "Noval Group Kyrgyzstan"]
[WhiteFideId "2410079"]
[BlackFideId "13804111"]
[EventDate "2025.06.14"]
[EventType "team"]

1. e4 e6 2. d4 d5 3. e5 c5 4. c3 Nc6 5. Nf3 Qb6 6. Bd3 cxd4 7. O-O Bd7 8. Re1
Nge7 9. h4 Rc8 10. Nbd2 dxc3 11. bxc3 Na5 12. c4 dxc4 13. Bc2 Nd5 14. Ne4 h6 15.
Rb1 Qc7 16. h5 Be7 17. Qe2 b5 18. Nd4 Qxe5 19. Nxb5 O-O 20. Nxa7 Rb8 21. Bd2 c3
22. Nxc3 Qxe2 23. Rxe2 Nb4 24. Be4 Nc4 25. Bf4 e5 26. Bg3 Bc5 27. a3 Bxa7 28.
axb4 Bd4 29. Nd5 f5 30. Bd3 Na3 31. Rb3 f4 32. Bh4 Nb5 33. Be7 Rf7 34. Bg6 Be6
35. Be4 Nc7 36. Nxc7 Bxb3 37. Nd5 Bc4 38. Rc2 Bb3 39. Rc7 Kh8 40. b5 Bxd5 41.
Bxd5 Rf5 42. Bc6 Rxh5 43. Rd7 Rf5 44. Bd6 Rc8 45. Kf1 Rf6 46. Ke2 h5 47. f3 h4
48. Kd3 Rg6 49. Bb7 Rc3+ 50. Ke4 Rxg2 51. Kf5 h3 52. Be4 Rc8 53. b6 Bxb6 54.
Bxe5 0-1

[Event "FIDE World Bl Team Pool D"]
[Site "London ENG"]
[Date "2025.06.14"]
[Round "8.4"]
[White "Iunusov, Nuriddin"]
[Black "Shearsby, Jude"]
[Result "1-0"]
[WhiteTitle "CM"]
[BlackTitle "CM"]
[WhiteElo "1953"]
[BlackElo "2160"]
[WhiteTeam "Noval Group Kyrgyzstan"]
[BlackTeam "English Knightmares"]
[WhiteFideId "13803026"]
[BlackFideId "462527"]
[EventDate "2025.06.14"]
[EventType "team"]

1. e4 Nc6 2. d4 d5 3. e5 Bf5 4. c3 e6 5. Nf3 Nge7 6. Be3 Qd7 7. Nbd2 f6 8. Be2
fxe5 9. Nxe5 Nxe5 10. dxe5 Nc6 11. f4 O-O-O 12. Nf3 h6 13. h4 Ne7 14. Bxa7 Be4
15. Bf2 Nf5 16. a4 Qc6 17. Bb5 Qc5 18. Bxc5 Bxc5 19. b4 Be3 20. a5 Bxf4 21. a6
Ne3 22. axb7+ Kxb7 23. Bc6+ Kb6 24. Ra6+ 1-0

[Event "FIDE World Bl Team Pool D"]
[Site "London ENG"]
[Date "2025.06.14"]
[Round "8.5"]
[White "Hng, Mei-En Emmanuelle"]
[Black "Lesbekova, Assel"]
[Result "1-0"]
[WhiteTitle "WFM"]
[BlackTitle "WCM"]
[WhiteElo "2136"]
[BlackElo "1948"]
[WhiteTeam "English Knightmares"]
[BlackTeam "Noval Group Kyrgyzstan"]
[WhiteFideId "5804566"]
[BlackFideId "13713248"]
[EventDate "2025.06.14"]
[EventType "team"]

1. e4 c5 2. d4 cxd4 3. c3 Nf6 4. e5 Nd5 5. Qxd4 e6 6. Bd3 Nc6 7. Qe4 Qc7 8. Nf3
Ncb4 9. O-O Nxd3 10. Qxd3 Be7 11. c4 Nb4 12. Qe2 h6 13. a3 Nc6 14. Nc3 a6 15.
Bf4 g5 16. Bg3 h5 17. h4 g4 18. Nd2 Nd4 19. Qd3 Nf5 20. Nd5 exd5 21. Qxf5 d6 22.
Qd3 dxe5 23. cxd5 f5 24. Rac1 Qb8 25. Nc4 f4 26. Qg6+ Kf8 27. d6 fxg3 28. fxg3+ 1-0

[Event "FIDE World Bl Team Pool D"]
[Site "London ENG"]
[Date "2025.06.14"]
[Round "8.6"]
[White "Zhunusbekova, Aimonchok"]
[Black "Jain, Gautam"]
[Result "1-0"]
[WhiteElo "1890"]
[BlackElo "1979"]
[WhiteTeam "Noval Group Kyrgyzstan"]
[BlackTeam "English Knightmares"]
[WhiteFideId "13810251"]
[BlackFideId "425311"]
[EventDate "2025.06.14"]
[EventType "team"]

1. e4 d6 2. d4 Nf6 3. Nc3 Nbd7 4. Bd3 e5 5. Nf3 c6 6. O-O Qc7 7. a3 Be7 8. h3 h6
9. b4 g5 10. d5 Nf8 11. dxc6 bxc6 12. b5 Ng6 13. bxc6 O-O 14. Bb5 Kh7 15. Nd5
Nxd5 16. exd5 f5 17. c4 f4 18. Nh2 Nh4 19. g3 fxg3 20. fxg3 Bxh3 21. Rxf8 Rxf8
22. gxh4 gxh4 23. Qd3+ Bf5 24. Qe2 Rg8+ 25. Kh1 Qb6 26. Be3 Be4+ 27. Nf3 Qd8 28.
Bxa7 Rg4 29. Kh2 Qf8 30. Rf1 Qf4+ 31. Kh1 Qg3 32. Bg1 Qh3+ 33. Bh2 Bg5 34. c7
Bf4 35. c8=Q Rg1+ 36. Kxg1 Qxc8 37. Qxe4+ 1-0

[Event "FIDE World Bl Team Pool D"]
[Site "London ENG"]
[Date "2025.06.14"]
[Round "8.1"]
[White "Amartuvshin, Ganzorig"]
[Black "Navara, David"]
[Result "1/2-1/2"]
[WhiteTitle "IM"]
[BlackTitle "GM"]
[WhiteElo "2430"]
[BlackElo "2657"]
[WhiteTeam "Mongolia-A"]
[BlackTeam "Hetman GKS Katowice"]
[WhiteFideId "4902548"]
[BlackFideId "309095"]
[EventDate "2025.06.14"]
[EventType "team"]

1. d4 Nf6 2. c4 e6 3. Nc3 Bb4 4. e3 O-O 5. Bd3 d5 6. a3 Bxc3+ 7. bxc3 dxc4 8.
Bxc4 c5 9. Nf3 Qc7 10. Be2 Rd8 11. O-O b6 12. Bb2 Bb7 13. c4 Nbd7 14. Rc1 Nf8
15. Qb3 Ng4 16. g3 Ng6 17. h3 Nf6 18. dxc5 Qxc5 19. Bxf6 gxf6 20. Qc3 Ne5 21.
Nxe5 fxe5 22. Rfd1 Qc6 23. f3 Qc5 24. Kf2 f6 25. Qb4 Kf7 26. Qxc5 bxc5 27. g4
Bc6 28. Bd3 h6 29. Be4 Bxe4 30. fxe4 Ke7 31. Rxd8 Rxd8 32. Rb1 Rd2+ 33. Kf3 Rh2
34. Rb7+ Kd6 35. Rxa7 Rxh3+ 36. Ke2 Rg3 37. Rf7 Rxg4 38. Kd3 Rg8 39. Rh7 Ra8 40.
Rxh6 Rxa3+ 41. Kd2 Ra2+ 42. Kd3 Rf2 43. Rh8 f5 44. Rd8+ Kc7 45. Re8 Kd7 46. Ra8
f4 47. exf4 exf4 48. e5 Rf1 49. Ra7+ Ke8 50. Rc7 Rd1+ 51. Ke2 Rd4 52. Rxc5 Kd7
53. Kf3 Kd8 54. Rc6 Kd7 55. Rd6+ Rxd6 56. exd6 Kxd6 57. Kxf4 Kc5 58. Ke5 Kxc4
59. Kxe6 1/2-1/2

[Event "FIDE World Bl Team Pool D"]
[Site "London ENG"]
[Date "2025.06.14"]
[Round "8.2"]
[White "Klimkowski, Jan"]
[Black "Munkhdalai, Amilal"]
[Result "0-1"]
[WhiteTitle "GM"]
[BlackTitle "IM"]
[WhiteElo "2508"]
[BlackElo "2385"]
[WhiteTeam "Hetman GKS Katowice"]
[BlackTeam "Mongolia-A"]
[WhiteFideId "21856222"]
[BlackFideId "4903250"]
[EventDate "2025.06.14"]
[EventType "team"]

1. d4 Nf6 2. c4 e6 3. Nc3 Bb4 4. f3 c5 5. d5 O-O 6. e4 b5 7. e5 Ne8 8. f4 bxc4
9. Bxc4 Ba6 10. Bxa6 Nxa6 11. d6 c4 12. Nf3 Qb6 13. Qe2 Rc8 14. Be3 Bc5 15. Bf2
Nb4 16. O-O Nd3 17. Bxc5 Qxc5+ 18. Kh1 Nxf4 19. Qd2 Ng6 20. Ne4 Qc6 21. Ng3 f6
22. exf6 Nxf6 23. Rad1 Rb8 24. Qd4 Rb5 25. Qxa7 Rxb2 26. a4 Ra8 27. Qd4 Ra2 28.
Rc1 R8xa4 29. Rb1 Ra8 30. Rbc1 Rc8 31. Rfd1 Ra5 32. Qe3 Rd5 33. Rxd5 Qxd5 34.
Qb6 h6 35. Ne2 Rc6 36. Qd8+ Kh7 37. Nc3 Qxd6 38. h3 Qa3 39. Ne2 Nf4 40. Nxf4
Qxc1+ 41. Kh2 Qxf4+ 0-1

[Event "FIDE World Bl Team Pool D"]
[Site "London ENG"]
[Date "2025.06.14"]
[Round "8.3"]
[White "Munkhzul, Turmunkh"]
[Black "Seemann, Jakub"]
[Result "0-1"]
[WhiteTitle "WGM"]
[BlackTitle "IM"]
[WhiteElo "2236"]
[BlackElo "2450"]
[WhiteTeam "Mongolia-A"]
[BlackTeam "Hetman GKS Katowice"]
[WhiteFideId "4901878"]
[BlackFideId "21874697"]
[EventDate "2025.06.14"]
[EventType "team"]

1. e4 c5 2. Nf3 e6 3. d4 cxd4 4. Nxd4 a6 5. Bd3 Bc5 6. Nb3 Ba7 7. Qe2 Ne7 8. Be3
Nbc6 9. Nc3 O-O 10. Bxa7 Rxa7 11. O-O-O b5 12. f4 d6 13. g4 b4 14. Na4 Bd7 15.
e5 dxe5 16. fxe5 Qc7 17. Qe4 Ng6 18. h4 Ncxe5 19. Qxb4 Nxd3+ 20. Rxd3 Ne5 21.
Rc3 Qb8 22. Qd4 Bc6 23. Rf1 Rd8 24. Qf4 Rad7 25. Nac5 Rd5 26. Ne4 Rd1+ 27. Rxd1
Nd3+ 28. Kb1 Qxf4 29. Rxc6 Qxe4 30. Rc3 Qxg4 31. Rcxd3 Qxd1+ 0-1

[Event "FIDE World Bl Team Pool D"]
[Site "London ENG"]
[Date "2025.06.14"]
[Round "8.4"]
[White "Cieslak, Patryk"]
[Black "Gan-Od, Sereenen"]
[Result "1-0"]
[WhiteTitle "FM"]
[BlackTitle "FM"]
[WhiteElo "2442"]
[BlackElo "2320"]
[WhiteTeam "Hetman GKS Katowice"]
[BlackTeam "Mongolia-A"]
[WhiteFideId "21078882"]
[BlackFideId "4901304"]
[EventDate "2025.06.14"]
[EventType "team"]

1. e4 c6 2. Nf3 d5 3. exd5 cxd5 4. d4 Nc6 5. c3 Bg4 6. h3 Bxf3 7. Qxf3 Nf6 8.
Bd3 e6 9. O-O Bd6 10. Bg5 O-O 11. Nd2 a6 12. a4 Rb8 13. Rfe1 Be7 14. Bf4 Bd6 15.
Bg5 Be7 16. b4 a5 17. b5 Na7 18. Rac1 Nc8 19. c4 dxc4 20. Nxc4 Nb6 21. Bf4 Ra8
22. Qxb7 Nxa4 23. Ne5 Qxd4 24. Rc4 Ra7 25. Rxd4 Rxb7 26. Rxa4 Bb4 27. Rf1 Nd5
28. Bg3 Rd8 29. Nc6 Rdd7 30. Nxb4 Nxb4 31. Rxa5 g6 32. Be2 Nc2 33. Bf3 Rb6 34.
Ra6 Rxb5 35. Bc6 Rdd5 36. Bxb5 Rxb5 37. Ra8+ Kg7 38. Ra2 Nd4 39. Rd2 Nf5 40. Bh2
h5 41. Re2 Kf6 42. Rfe1 Rb3 43. Be5+ Kg5 44. Rc2 Ra3 45. Rc3 Ra4 46. Rcc1 f6 47.
Bc3 e5 48. Bd2+ Kh4 49. Kh2 Ra3 50. Rc3 Rxc3 51. Bxc3 Nd6 52. Bd2 Nf5 53. Re4# 1-0

[Event "FIDE World Bl Team Pool D"]
[Site "London ENG"]
[Date "2025.06.14"]
[Round "8.5"]
[White "Uuriintuya, Uurtsaikh"]
[Black "Saduakassova, Dinara"]
[Result "0-1"]
[WhiteTitle "WGM"]
[BlackTitle "IM"]
[WhiteElo "2141"]
[BlackElo "2435"]
[WhiteTeam "Mongolia-A"]
[BlackTeam "Hetman GKS Katowice"]
[WhiteFideId "4900227"]
[BlackFideId "13700090"]
[EventDate "2025.06.14"]
[EventType "team"]

1. e4 e5 2. Nf3 Nc6 3. Bb5 a6 4. Ba4 Nf6 5. O-O Nxe4 6. d4 b5 7. Bb3 d5 8. dxe5
Be6 9. Qe2 Be7 10. Rd1 O-O 11. c4 bxc4 12. Bxc4 Bc5 13. Be3 Bxe3 14. Qxe3 Qb8
15. Bb3 Ne7 16. Nc3 Nf5 17. Qe1 Nxc3 18. Qxc3 Qb5 19. Rac1 Rfc8 20. Qc5 Rab8 21.
Nd4 Nxd4 22. Rxd4 Qe2 23. h3 Qxe5 24. Bxd5 Rb5 25. Qc3 Rxd5 26. Rcd1 Rxd4 27.
Rxd4 Qf6 28. Qd2 h6 29. a3 c5 30. Rd6 Rb8 31. Rxa6 Qxb2 32. Qf4 Rd8 33. Rc6 Qd4
34. Qc7 Qd1+ 35. Kh2 c4 36. Rc5 Qd7 37. Qa5 Rc8 38. Qb4 Rxc5 39. Qxc5 Qc8 40.
Qe3 c3 41. a4 c2 42. Qc1 Qc7+ 43. Kg1 Bb3 44. a5 Qxa5 45. Qb2 Qc5 46. Qc1 Qd4 0-1

[Event "FIDE World Bl Team Pool D"]
[Site "London ENG"]
[Date "2025.06.14"]
[Round "8.6"]
[White "Smolinski, Wojciech"]
[Black "Han, Qixuan"]
[Result "0-1"]
[WhiteElo "1987"]
[BlackElo "1896"]
[WhiteTeam "Hetman GKS Katowice"]
[BlackTeam "Mongolia-A"]
[WhiteFideId "21088683"]
[BlackFideId "496944"]
[EventDate "2025.06.14"]
[EventType "team"]

1. e4 c5 2. Nf3 d6 3. d4 cxd4 4. Nxd4 Nf6 5. Nc3 g6 6. Be3 Nc6 7. f3 h5 8. Bc4
Bd7 9. Qd2 Nxd4 10. Bxd4 Bh6 11. Be3 Bxe3 12. Qxe3 Qc7 13. Bb3 b5 14. O-O-O a5
15. a4 bxa4 16. Bxa4 Bxa4 17. Nxa4 O-O 18. h4 Rfc8 19. c3 Rab8 20. Kb1 Qc6 21.
Qd4 e5 22. Qxd6 Qxa4 23. Qxf6 Qb3 24. Rd2 Qxc3 25. Rhd1 Qc7 26. g4 a4 27. gxh5
Qb6 28. h6 Qxf6 0-1

[Event "FIDE World Bl Team Pool D"]
[Site "London ENG"]
[Date "2025.06.14"]
[Round "8.1"]
[White "Kantor, Gergely"]
[Black "Skytte, Rasmus"]
[Result "1-0"]
[WhiteTitle "GM"]
[BlackTitle "IM"]
[WhiteElo "2584"]
[BlackElo "2367"]
[WhiteTeam "Team Hungary"]
[BlackTeam "Danish Futures"]
[WhiteFideId "751499"]
[BlackFideId "1404210"]
[EventDate "2025.06.14"]
[EventType "team"]

1. Nf3 g6 2. e4 Bg7 3. d4 Nf6 4. e5 Ne4 5. Bd3 d5 6. Qe2 c5 7. c3 Bf5 8. Nh4
cxd4 9. Nxf5 gxf5 10. cxd4 Nc6 11. Bb5 e6 12. O-O Qb6 13. Rd1 O-O 14. Bxc6 bxc6
15. f3 Bxe5 16. Be3 Bg7 17. fxe4 fxe4 18. Nc3 f5 19. Na4 Qc7 20. Nc5 Rae8 21. g3
e5 22. dxe5 Bxe5 23. Kh1 Qe7 24. Rac1 Qg7 25. Nb3 Bxb2 26. Rxc6 Be5 27. Rxd5 f4
28. gxf4 Bxf4 29. Rc1 Re6 30. Bxf4 Rxf4 31. Rg1 Rg6 32. Rd8+ 1-0

[Event "FIDE World Bl Team Pool D"]
[Site "London ENG"]
[Date "2025.06.14"]
[Round "8.2"]
[White "Kistrup, Nicolai"]
[Black "Erdos, Viktor"]
[Result "0-1"]
[WhiteTitle "IM"]
[BlackTitle "GM"]
[WhiteElo "2381"]
[BlackElo "2545"]
[WhiteTeam "Danish Futures"]
[BlackTeam "Team Hungary"]
[WhiteFideId "1444816"]
[BlackFideId "719978"]
[EventDate "2025.06.14"]
[EventType "team"]

1. e4 e5 2. Nf3 Nc6 3. Bc4 Nf6 4. d3 Be7 5. O-O O-O 6. a4 d6 7. c3 a5 8. Nbd2 h6
9. Re1 Be6 10. Bxe6 fxe6 11. d4 exd4 12. cxd4 Nb4 13. Nf1 d5 14. e5 Ne4 15. Ng3
Nxg3 16. fxg3 Qe8 17. Ra3 Qg6 18. Rc3 c6 19. Bf4 Rac8 20. h4 b6 21. Kh2 c5 22.
Qd2 Qg4 23. Kg1 c4 24. Nh2 Qg6 25. Ree3 Nd3 26. Qe2 Nxf4 27. gxf4 Rxf4 28. Nf3
Qb1+ 29. Kh2 Rcf8 30. g3 R4f7 31. Kg2 Qg6 32. Rc1 Rf4 33. Rh1 Rg4 34. Rh3 h5 35.
Kh2 Qf5 36. Kg2 Bb4 37. Rh1 Qg6 38. Rh3 Be7 39. Kh2 Kh8 40. Kg2 Rff4 41. Kh2 Re4
42. Qf2 Rxe3 43. Qxe3 Re4 44. Qf2 Qf5 45. Kg2 Rg4 46. Rh1 Kh7 47. Rf1 Qg6 48.
Kh3 Re4 49. Qg2 Qf5+ 50. Kh2 Qg6 51. Qh3 Qg4 52. Qg2 Re3 53. Rf2 Qe4 54. Qf1 Rd3
55. Qg2 Rd1 56. Re2 Qf5 57. Rf2 Qg4 58. Re2 Rb1 59. Rf2 Kg8 60. Re2 Kf8 61. Qf2
Ke8 62. Rc2 Qf5 63. Qe2 Kd7 64. Rd2 Qe4 65. Qf2 Kc6 66. Rc2 b5 67. axb5+ Kxb5
68. Re2 Qf5 69. Rd2 a4 70. Rc2 Bb4 71. Qe2 Qd3 72. Ng5 Qxe2+ 73. Rxe2 a3 74.
bxa3 Bxa3 75. Nxe6 c3 76. Nf4 Rb2 77. e6 Rxe2+ 78. Nxe2 c2 79. g4 hxg4 80. Kg3
Kc4 81. Kxg4 Kd3 82. Kf3 Kd2 83. Kf4 0-1

[Event "FIDE World Bl Team Pool D"]
[Site "London ENG"]
[Date "2025.06.14"]
[Round "8.3"]
[White "Kozak, Adam"]
[Black "Nilssen, Ellen Fredericia"]
[Result "1-0"]
[WhiteTitle "GM"]
[BlackTitle "WIM"]
[WhiteElo "2587"]
[BlackElo "2160"]
[WhiteTeam "Team Hungary"]
[BlackTeam "Danish Futures"]
[WhiteFideId "753246"]
[BlackFideId "1441230"]
[EventDate "2025.06.14"]
[EventType "team"]

1. d4 d5 2. c4 e6 3. Nc3 a6 4. cxd5 exd5 5. Nf3 Nf6 6. Bg5 Be6 7. Bxf6 Qxf6 8.
Qb3 Ra7 9. h4 Qd8 10. O-O-O Nd7 11. e4 Nf6 12. exd5 Nxd5 13. Bc4 Nxc3 14. Bxe6
Nxa2+ 15. Qxa2 fxe6 16. Qxe6+ Qe7 17. Qc8+ Kf7 18. Rde1 Qd6 19. Ng5+ Kg8 20. Re8
h6 21. Rxf8+ 1-0